Aklimatizácia škodcov

Bibliographic Details
Main Author: Cifranič, Pavol (Author)
Format: Article
Language:Slovak

MARC

LEADER 00000nab a2200000 a 4500
001 vtls011119977
003 SK-MaSNL
005 20260303145449.0
008 230222|1951 xo |||||||||||||||||slo|
015 |a SNBRB 
035 |a (uuid)ddcb2067-2a03-4919-ab01-dc49628dcb22 
035 |a (urnnbn)urn:nbn:sk:snk:ar-a08oxa 
035 |a urn:nbn:sk:snk-ab9qhi 
040 |a SNKBUCL  |b slo  |c SNKBUCL  |e AACR2 
041 0 |a slo 
044 |a xo  |c SK 
100 1 |a Cifranič, Pavol  |4 aut  |9 344541 
245 1 0 |a Aklimatizácia škodcov  |c Pavol Cifranič 
773 0 |t Slovenský ovocinár a vinohradník : odborný časopis pre povznesenie ovocinárstva, vinohradníctva a záhradníctva.  |g Roč. 3, č. 12 (1951), s. 191-192 
954 |a odborná, vedecká literatúra pôvodná (slovenská)  |2 lita 
958 |a OND 
958 |a EUIPO 
958 |a article13 
999 |c 2003115  |d 2005045